Missing Word: Netherlands by the Letter Quiz Stats

 Plays Quiz Updated Aug 27, 2019

Score 0/11 Timer 04:00
0 Plays Today
Fact Answer % Correct
Although sometimes called _______, that is really only a region and should not be used to refer to the entire country.Holland
91%
Although most government buildings are in the Hague, the capital in the Constitution is _________.Amsterdam
88.6%
As a founding member of the EU and ____, the Netherlands is economically and militarily very close to other Western democracies.NATO
88.5%
As a part of Benelux, the Netherlands is very close with the other Low Countries of Belgium and __________.Luxembourg
88%
Home to Germanic languages very similar to English, these include both _____ and Frisian.Dutch
81.7%
As the largest port in all of Europe, _________ is a major economic center in the Netherlands.Rotterdam
81%
Home to many famous artists, this includes M. C. ______, a graphic artist mentioned in Weird Al's 'White & Nerdy.'Escher
56%
As a colonial power, the Netherlands held territory in South America, the Caribbean, and Asia, where they established Anping on the island of ______.Taiwan
45.2%
Out of the five largest cities in the Netherlands, _________ is the only one not in the Randstad megalopolis.Eindhoven
43.9%
A wafer consisting of two thin layers with a syrup filling, the ___________ is one of the most popular dishes in the Netherlands.Stroopwafel
42.4%
The Netherlands is a constitutional monarchy, with King Willem-Alexander currently reigning as part of the house that merged the names of Orange and ______.Nassau
28.1%

Today's Daily Dose

You're not logged in!

Compare scores with friends on all Sporcle quizzes.
OR
Log In

Sporcle TV

Today on Sporcle TV


Watch our educational content, quiz creation guides, and fun videos on Sporcle TV.

Show Comments

Extras

Top Quizzes Today


Score Distribution

Your Account Isn't Verified!

In order to create a playlist on Sporcle, you need to verify the email address you used during registration. Go to your Sporcle Settings to finish the process.

Report this User

Report this user for behavior that violates our Community Guidelines.

Details: